000 00413nam a22001577a 4500
999 _c12098
_d12098
008 210120b ||||| |||| 00| 0 eng d
082 0 0 _a623.87236
_bP8767
100 _9803
_aPounder, C. C.
245 1 0 _aMarine diesel engines
_cBy C. C. Pounder
250 _a4th ed.
260 _aLondon
_bGeorge Newnes Ltd.
_c1968
300 _aix,772 p.
365 _d72.00
650 0 _aMarine Diesel Motors
942 _cBK